| 000 | 00526nmm a2200193Ia 4500 | ||
|---|---|---|---|
| 008 | 251105s9999||||xx |||||||||||||||||und|| | ||
| 020 | _a9788498957617 | ||
| 041 | _aspa | ||
| 100 | _aStrand, Mark | ||
| 245 | 0 |
_aHombre y camello. : _b Poemas |
|
| 264 |
_a[Madrid, España] : _bVisor Libros, _c2010 |
||
| 300 | _a94 páginas | ||
| 490 | _aVisor de Poesía | ||
| 650 | _aEnglish poetry | ||
| 700 | _aStrand, Mark | ||
| 700 | 1 | _a López, Dámaso | |
| 856 | _uhttps://public.digitaliapublishing.com/a/41176 | ||
| 942 | _cCF | ||
| 999 |
_c71781 _d71781 |
||